000 00364nam a2200145Ia 4500
008 230711s9999||||xx |||||||||||||| ||und||
041 _aENG
082 _a624
_bMC-D
100 _aMcardle,Ann
245 0 _aDecorating with fabric and pattern
250 _a1st . Ed.
260 _c2000
_aBeverly
_bRockport Publication
650 _aTextile Engineering
942 _cBK
999 _c4340
_d4340